إدارة رياض الاطفال و تطبيقاتها / (رقم التسجيلة. 97038)

تفاصيل مارك
000 -الفاتح
عناصر البيانات ثابتة الطول 00778cam a2200217 i 4500
005 - تاريخ ووقت آخر معاملة
حقل ضبط 20260202105735.0
008 - عناصر البيانات ثابتة الطول
عناصر البيانات ثابتة الطول 250721s2005 jo gr 000 0 ara d
020 ## - الترقيم الدولي المعياري للكتب (ردمك)
الترقيم الدولي المعياري للكتب (ردمك) 9789957062668
082 14 - رقم تصنيف ديوي العشري
رقم التصنيف 372.21
رقم المادة ش ر ي
100 1# - مدخل رئيسي – اسم شخصي
الاسم الشخصي شريف، عبد القادر
علاقة الشخص بالعمل/ دوره مؤلف.
245 10 - بيان العنوان
العنوان إدارة رياض الاطفال و تطبيقاتها /
بيان المسؤولية د. السيد عبد القادر شريف.
250 ## - بيان الطبعة
بيان الطبعة الطبعة الأولى.
264 31 - بيانات النشر، التوزيع…إلخ
مكان النشر، التوزيع...إلخ عمان :
اسم الناشر، الموزع...إلخ دار المسيرة للنشر و التوزيع،
تاريخ النشر، التوزيع...إلخ 2005.
300 ## - الوصف المادي
عدد الوحدات المكونة للوعاء 319 صفحة.
650 17 - مدخل إضافي بالموضوع - مصطلح موضوعي
مصطلح موضوعي أو اسم جغرافي كعنصر مدخل رياض الأطفال
650 17 - مدخل إضافي بالموضوع - مصطلح موضوعي
مصطلح موضوعي أو اسم جغرافي كعنصر مدخل رعاية الطفولة
650 17 - مدخل إضافي بالموضوع - مصطلح موضوعي
مصطلح موضوعي أو اسم جغرافي كعنصر مدخل الإدارة التربوية
650 17 - مدخل إضافي بالموضوع - مصطلح موضوعي
مصطلح موضوعي أو اسم جغرافي كعنصر مدخل الأطفال
942 ## - بيانات إضافية (كوها)
نوع التنصيف Dewey Decimal Classification
نوع المادة (كوها) مراجع
المقتنيات
حالة السحب حالة الفقدان مصدر التصنيف حالة التلف غير قابل للإعارة المكتبة الرئيسية المكتبة الحالية موقع الرف تاريخ التزويد الرقم المتسلسل Total Checkouts رقم الإستدعاء الباركود تاريخ آخر ظهور تاريخ الفاتورة نوع المادة (كوها)
    Dewey Decimal Classification     المكتبة المركزية المكتبة المركزية الإعارة 28/07/2025 889516   372.21/شري 889516 28/07/2025 28/07/2025 مراجع
    Dewey Decimal Classification   Not For Loan المكتبة المركزية المكتبة المركزية مقتنيات قسم التزويد 28/07/2025 889517   372.21/شري 889517 28/07/2025 28/07/2025 مراجع
    Dewey Decimal Classification   Not For Loan المكتبة المركزية المكتبة المركزية مقتنيات قسم التزويد 28/07/2025 889518   372.21/شري 889518 28/07/2025 28/07/2025 مراجع
    Dewey Decimal Classification   Not For Loan المكتبة المركزية المكتبة المركزية مقتنيات قسم التزويد 28/07/2025 889520   372.21/شري 889520 28/07/2025 28/07/2025 مراجع
    Dewey Decimal Classification   Not For Loan المكتبة المركزية المكتبة المركزية مقتنيات قسم التزويد 28/07/2025 889521   372.21/شري 889521 28/07/2025 28/07/2025 مراجع
    Dewey Decimal Classification     المكتبة المركزية المكتبة المركزية الإعارة 03/05/2016 1625161   372.21 / ش ر ي PLD00389083 28/07/2025 03/05/2016 مراجع
    Dewey Decimal Classification     مكتبة أبو علندا العامة مكتبة أبو علندا العامة الإعارة 28/07/2025 889531   372.21/شري 889531 28/07/2025 28/07/2025 مراجع
    Dewey Decimal Classification     مكتبة أم قصير والمقابلين العامة مكتبة أم قصير والمقابلين العامة الإعارة 28/07/2025 889530   372.21/شري 889530 28/07/2025 28/07/2025 مراجع
    Dewey Decimal Classification     مكتبة الأميرة ايمان العامة مكتبة الأميرة ايمان العامة الإعارة 28/07/2025 889522   372.21/شري 889522 28/07/2025 28/07/2025 مراجع
    Dewey Decimal Classification   Not For Loan مكتبة الأميرة سلمى مكتبة الأميرة سلمى مراجع 28/07/2025 889519   372.21/شري 889519 28/07/2025 28/07/2025 مراجع
    Dewey Decimal Classification     مكتبة الأميرة سلمى مكتبة الأميرة سلمى الإعارة 03/10/2015 1465194   372.21/شري PLD00351066 28/07/2025 03/10/2015 مراجع
    Dewey Decimal Classification     مكتبة الاميرة بديعة مكتبة الاميرة بديعة الإعارة 28/07/2025 889525   372.21/شري 889525 28/07/2025 28/07/2025 مراجع
    Dewey Decimal Classification     مكتبة البراءة للأطفال مكتبة البراءة للأطفال الإعارة 28/07/2025 889534   372.21/شري 889534 28/07/2025 28/07/2025 مراجع
    Dewey Decimal Classification     مكتبة الجويدة مكتبة الجويدة الإعارة 28/07/2025 889526   372.21/شري 889526 28/07/2025 28/07/2025 مراجع
    Dewey Decimal Classification     مكتبة الحسن العامة مكتبة الحسن العامة الإعارة 28/07/2025 889527   372.21/شري 889527 28/07/2025 28/07/2025 مراجع
    Dewey Decimal Classification     مكتبة النصر العامة مكتبة النصر العامة الإعارة 28/07/2025 889533   372.21/شري 889533 28/07/2025 28/07/2025 مراجع
    Dewey Decimal Classification     مكتبة حمزة العامة مكتبة حمزة العامة الإعارة 28/07/2025 889528   372.21/شري 889528 28/07/2025 28/07/2025 مراجع
    Dewey Decimal Classification     مكتبة وادي السير العامة مكتبة وادي السير العامة الإعارة 28/07/2025 889532   372.21/شري 889532 28/07/2025 28/07/2025 مراجع
Implemented & Customized by: BBB with SCIT (Smart Chains for Information Technology)

Powered by Koha